000 00311nam a22001217a 4500
008 180521b xxu||||| |||| 00| 0 eng d
041 _aeng
080 _a043.3
100 _a0
101 _aMBE-BTH
245 _aIdentifikimi, pozicionimi dhe menaxhimi i talentit në Organizatë
_cRamadani,A
942 _2udc
_cBK
999 _c46109
_d46109